[Event "First Saturday09 July GM"]
[Site "Budapest"]
[Date "2009.07.04"]
[Round "1"]
[White "Fogarasi, Tibor"]
[Black "Rombaldoni, Denis"]
[Result "1/2-1/2"]
[WhiteElo "2419"]
[BlackElo "2465"]
[PlyCount "124"]
[EventDate "2009.07.04"]

1. e4 c5 2. Nf3 d6 3. d4 cxd4 4. Nxd4 Nf6 5. Bd3 Nc6 6. Nxc6 bxc6 7. f4 g6 8.
O-O Bg7 9. Kh1 O-O 10. Nc3 Rb8 11. Rb1 Ng4 12. Qe1 Qb6 13. Bd2 Bd7 14. Na4 Qc7
15. Ba5 Qc8 16. b3 e5 17. f5 gxf5 18. exf5 Nf6 19. Qh4 Kh8 20. Bd2 c5 21. Bg5
Qd8 22. Nc3 Bc6 23. Ne4 Bxe4 24. Bxe4 Kg8 25. Rf3 Re8 26. Bc6 Kf8 27. Bxe8 Kxe8
28. c4 Ke7 29. Rd1 Qh8 30. Rfd3 Rb6 31. Qe4 Qb8 32. h3 h6 33. Bh4 Ke8 34. Bxf6
Bxf6 35. Qg4 Ke7 36. Qe4 h5 37. b4 Qc7 38. Rd5 cxb4 39. c5 dxc5 40. Rd7+ Qxd7
41. Rxd7+ Kxd7 42. Qd5+ Rd6 43. Qxc5 Rd4 44. Qxa7+ Ke8 45. g3 Kf8 46. Kg2 Kg7
47. Kf2 h4 48. gxh4 Bxh4+ 49. Ke2 Kf6 50. Qb7 Bg5 51. Qc8 Rd2+ 52. Kf3 Rd3+ 53.
Ke2 Rd4 54. Qb7 Kg7 55. Qb5 Bf6 56. Qb7 Bg5 57. Qc7 Kf6 58. Qc8 Rf4 59. Qh8+
Kxf5 60. Qc8+ Kf6 61. Qd8+ Kg6 62. Qg8+ Kf6 1/2-1/2

[Event "First Saturday09 July GM"]
[Site "Budapest"]
[Date "2009.07.05"]
[Round "2"]
[White "Bertholee, Rob"]
[Black "Ilincic, Zlatko"]
[Result "0-1"]
[WhiteElo "2368"]
[BlackElo "2479"]
[PlyCount "102"]
[EventDate "2009.07.04"]

1. e4 c5 2. Nc3 d6 3. Nge2 Nf6 4. d4 cxd4 5. Nxd4 a6 6. a4 e5 7. Nf3 h6 8. Bc4
Be6 9. Qe2 Nbd7 10. O-O Rc8 11. Bxe6 fxe6 12. Nh4 Kf7 13. g3 Be7 14. f4 exf4
15. gxf4 Qb6+ 16. Kh1 Rxc3 17. bxc3 Qc6 18. f5 e5 19. Ba3 Rc8 20. Rg1 Qxe4+ 21.
Qxe4 Nxe4 22. Ng6 Bf6 23. Rab1 b6 24. a5 b5 25. Bb4 Rc6 26. Rg2 Bg5 27. Rd1 Kf6
28. h4 Bf4 29. Nxf4 exf4 30. Bxd6 f3 31. Be7+ Kxf5 32. Rxd7 fxg2+ 33. Kxg2 Rxc3
34. Ra7 Rxc2+ 35. Kf3 Rc3+ 36. Ke2 Rc6 37. Bf8 g5 38. hxg5 hxg5 39. Rb7 Re6 40.
Kd3 g4 41. Rb6 Nf2+ 42. Kd4 g3 43. Rxe6 Kxe6 44. Ke3 Kd5 45. Kf3 Ne4 46. Bb4
Kc4 47. Be1 b4 48. Kxe4 b3 49. Ke3 b2 50. Kd2 b1=Q 51. Ke2 Qd3# 0-1

[Event "First Saturday09 July GM"]
[Site "Budapest"]
[Date "2009.07.05"]
[Round "2"]
[White "Jugelt, Tobias"]
[Black "Flumbort, Andras"]
[Result "0-1"]
[WhiteElo "2398"]
[BlackElo "2507"]
[PlyCount "98"]
[EventDate "2009.07.04"]

1. d4 Nf6 2. Bf4 g6 3. e3 Bg7 4. h3 O-O 5. Nf3 d6 6. Be2 c5 7. O-O Qb6 8. Na3
Nbd7 9. Nc4 Qc7 10. a4 b6 11. Bh2 Bb7 12. Nfd2 Rac8 13. c3 a6 14. Bf3 Bxf3 15.
Qxf3 b5 16. axb5 axb5 17. Na5 Nb6 18. Ndb3 c4 19. Nc5 Ra8 20. Nc6 Nfd5 21. Nb4
Nxb4 22. cxb4 Qc8 23. Ne4 Ra4 24. Rxa4 Nxa4 25. Nc3 Nxb2 26. Nxb5 Nd3 27. Nc3
Nxb4 28. Rb1 Nd3 29. Qd5 Qa6 30. Bg3 Rc8 31. Qb7 Qxb7 32. Rxb7 Bf8 33. Kf1 e6
34. e4 Bg7 35. Nb5 d5 36. exd5 exd5 37. Rd7 Bf6 38. Ke2 Re8+ 39. Kd2 Bg5+ 40.
Kc3 Re1 41. f4 Re3 42. Kd2 Rxg3 43. fxg5 Rxg2+ 44. Kc3 Rxg5 45. Nd6 Rg3 46. Kd2
Nb4 47. Nxf7 c3+ 48. Ke2 c2 49. Nh6+ Kf8 0-1

[Event "First Saturday09 July GM"]
[Site "Budapest"]
[Date "2009.07.06"]
[Round "3"]
[White "Lorscheid, Gerd"]
[Black "Farago, Ivan"]
[Result "1/2-1/2"]
[WhiteElo "2345"]
[BlackElo "2511"]
[PlyCount "115"]
[EventDate "2009.07.04"]

1. d4 Nf6 2. c4 e6 3. Nc3 Bb4 4. Qc2 O-O 5. a3 Bxc3+ 6. Qxc3 b6 7. Bg5 Bb7 8.
e3 d6 9. Ne2 Nbd7 10. Qd3 c5 11. Nc3 Qe7 12. Be2 h6 13. Bh4 Rac8 14. O-O cxd4
15. Qxd4 e5 16. Qd2 g5 17. Bg3 Nc5 18. Rad1 Nce4 19. Nxe4 Nxe4 20. Qd3 f5 21.
h3 Kg7 22. Bh2 Ba6 23. b3 Rf6 24. f3 Nc5 25. Qc3 f4 26. Rd2 b5 27. Rc1 bxc4 28.
Bxc4 Bxc4 29. Qxc4 fxe3 30. Rdc2 Rcf8 31. b4 Ne6 32. Qe4 R8f7 33. Qxe3 Nd4 34.
Rc4 Qb7 35. Rxd4 exd4 36. Qxd4 Rc7 37. Rxc7+ Qxc7 38. Bg3 Qb6 39. Bf2 Qc7 40.
Qxa7 Rf7 41. Qd4+ Kg8 42. Bg3 Qa7 43. Qxa7 Rxa7 44. Bxd6 Rxa3 45. Kh2 Kf7 46.
Bc5 Rb3 47. Kg3 Rb2 48. Bd6 Kg6 49. Bc5 Kf5 50. Be7 h5 51. Kh2 Rd2 52. Bc5 Kf4
53. Bb6 Rb2 54. Bc5 h4 55. Be7 Rd2 56. Bc5 Rd1 57. Bb6 Rb1 58. Bc5 1/2-1/2

[Event "First Saturday09 July GM"]
[Site "Budapest"]
[Date "2009.07.06"]
[Round "3"]
[White "Flumbort, Andras"]
[Black "Shen, Siyuan"]
[Result "0-1"]
[WhiteElo "2507"]
[BlackElo "2321"]
[PlyCount "71"]
[EventDate "2009.07.04"]

1. d4 c5 2. d5 e5 3. e4 d6 4. Nc3 g6 5. Nf3 Bg7 6. Be2 Ne7 7. Nd2 a6 8. a4 Nd7
9. a5 Qc7 10. Nc4 b5 11. axb6 Nxb6 12. O-O O-O 13. Nxb6 Qxb6 14. Na4 Qb7 15.
Bd2 Bd7 16. b3 f5 17. f3 Nc8 18. Nb2 Nb6 19. Ra5 Bf6 20. Qa1 Bb5 21. c4 Bd7 22.
Nd3 Bc8 23. Rb1 Qe7 24. Rc1 Bg5 25. Qa2 Nd7 26. b4 fxe4 27. fxe4 cxb4 28. c5
Bxd2 29. Qxd2 dxc5 30. Nxc5 Nxc5 31. Raxc5 Qh4 32. g3 Qf6 33. Qe3 Bd7 34. d6
Kh8 35. Rc7 Qxd6 36. Rb7 0-1

[Event "First Saturday09 July GM"]
[Site "Budapest"]
[Date "2009.07.06"]
[Round "3"]
[White "Ilincic, Zlatko"]
[Black "Jugelt, Tobias"]
[Result "1/2-1/2"]
[WhiteElo "2479"]
[BlackElo "2398"]
[PlyCount "68"]
[EventDate "2009.07.04"]

1. d4 d5 2. c4 c6 3. Nf3 Nf6 4. e3 Bf5 5. Nc3 e6 6. Nh4 Bg6 7. Nxg6 hxg6 8. g3
Nbd7 9. a3 a6 10. b4 Bd6 11. c5 Bc7 12. f4 Ne4 13. Nxe4 dxe4 14. Qc2 f5 15. Bc4
Kf7 16. Qb3 Qe7 17. Ra2 Nf6 18. Rg2 Rh3 19. a4 Nd5 20. O-O g5 21. Bxd5 exd5 22.
b5 axb5 23. axb5 gxf4 24. exf4 Qd7 25. b6 Bd8 26. Ra2 Rxa2 27. Qxa2 Bf6 28. Be3
g6 29. Ra1 Ke6 30. Qf2 Qh7 31. Qe2 Qh8 32. Ra4 Bg7 33. Rb4 Bf6 34. Ra4 Bg7
1/2-1/2

[Event "First Saturday09 July GM"]
[Site "Budapest"]
[Date "2009.07.06"]
[Round "3"]
[White "Fogarasi, Tibor"]
[Black "Bertholee, Rob"]
[Result "1/2-1/2"]
[WhiteElo "2419"]
[BlackElo "2368"]
[PlyCount "49"]
[EventDate "2009.07.04"]

1. e4 c5 2. Nf3 d6 3. d4 cxd4 4. Nxd4 Nf6 5. Nc3 a6 6. a4 e6 7. Be2 Qc7 8. O-O
Be7 9. f4 O-O 10. Kh1 b6 11. Bf3 Bb7 12. e5 dxe5 13. fxe5 Nfd7 14. Bxb7 Qxb7
15. Bf4 Nc6 16. Qf3 Rac8 17. Rad1 Nc5 18. Qg3 Rfd8 19. Nf3 Rxd1 20. Rxd1 Rd8
21. Rxd8+ Nxd8 22. h4 Ne4 23. Qe1 Nxc3 24. Qxc3 Qc6 25. Qxc6 1/2-1/2

[Event "First Saturday09 July GM"]
[Site "Budapest"]
[Date "2009.07.06"]
[Round "3"]
[White "Varga, Zoltan"]
[Black "Antal, Gergely"]
[Result "1/2-1/2"]
[WhiteElo "2473"]
[BlackElo "2479"]
[PlyCount "37"]
[EventDate "2009.07.04"]

1. d4 Nf6 2. c4 e6 3. Nc3 Bb4 4. e3 b6 5. Bd3 Bb7 6. Nf3 Ne4 7. O-O Bxc3 8.
bxc3 Nxc3 9. Qc2 Bxf3 10. gxf3 Qg5+ 11. Kh1 Qh5 12. Rg1 Qxf3+ 13. Rg2 f5 14.
Kg1 Ne4 15. Be2 Qh3 16. f3 Nf6 17. Bb2 Nc6 18. Rd1 O-O-O 19. d5 1/2-1/2

[Event "First Saturday09 July GM"]
[Site "Budapest"]
[Date "2009.07.06"]
[Round "3"]
[White "Breder, Dennis"]
[Black "Rombaldoni, Denis"]
[Result "0-1"]
[WhiteElo "2435"]
[BlackElo "2465"]
[PlyCount "184"]
[EventDate "2009.07.04"]

1. d4 d5 2. c4 e6 3. Nc3 c6 4. Nf3 dxc4 5. a4 Bb4 6. e3 b5 7. Bd2 a5 8. axb5
Bxc3 9. Bxc3 cxb5 10. b3 Bb7 11. bxc4 b4 12. Bb2 Nf6 13. Bd3 O-O 14. O-O Nbd7
15. Nd2 Qc7 16. f4 a4 17. Rb1 Rfd8 18. Qe2 Nf8 19. e4 N6d7 20. e5 f5 21. exf6
Nxf6 22. Qe3 Ra5 23. h3 Qd6 24. Rf2 Bc6 25. Ba1 Raa8 26. f5 exf5 27. d5 Bd7 28.
c5 Nxd5 29. Qd4 Qg3 30. Nf1 Qg5 31. Qxd5+ Be6 32. Qf3 b3 33. Bxf5 Bxf5 34. Qxf5
Qxf5 35. Rxf5 Rd3 36. Rf3 Rxf3 37. gxf3 Ne6 38. Nd2 Nxc5 39. Ne4 Nxe4 40. fxe4
Rd8 41. Bb2 Rd2 42. e5 Kf7 43. e6+ Kxe6 44. Bxg7 Rd3 45. Bb2 Rxh3 46. Re1+ Kd5
47. Re5+ Kc6 48. Re6+ Kd7 49. Re4 Rd3 50. Ba3 Rd2 51. Rxa4 Ra2 52. Kf1 Kc6 53.
Ke1 b2 54. Rc4+ Kd5 55. Rb4 Ra1+ 56. Kf2 b1=Q 57. Rxb1 Rxb1 58. Be7 Rb7 59. Bh4
Rg7 60. Bg3 Ke4 61. Kg2 Ke3 62. Kh2 Kf3 63. Bd6 Rg2+ 64. Kh1 Rc2 65. Be5 Kg4
66. Bd4 Kh3 67. Bg1 Rd2 68. Bc5 Rh2+ 69. Kg1 Rg2+ 70. Kh1 Rh2+ 71. Kg1 Rc2 72.
Be3 Rc3 73. Bf4 Rb3 74. Be5 Rb1+ 75. Kf2 Rb5 76. Bd6 Rg5 77. Kf1 Rg4 78. Kf2
Kh4 79. Be7+ Kh5 80. Kf3 Rg7 81. Bd8 Rg8 82. Be7 Kg6 83. Bd6 Kf5 84. Bg3 h5 85.
Bf2 Rg4 86. Bc5 h4 87. Bd6 h3 88. Bg3 Rg6 89. Kf2 Ke4 90. Bc7 Rg2+ 91. Kf1 Rc2
92. Bd6 h2 0-1

[Event "First Saturday09 July GM"]
[Site "Budapest"]
[Date "2009.07.07"]
[Round "4"]
[White "Farago, Ivan"]
[Black "Rombaldoni, Denis"]
[Result "0-1"]
[WhiteElo "2511"]
[BlackElo "2465"]
[PlyCount "66"]
[EventDate "2009.07.04"]

1. d4 d5 2. c4 c6 3. Nc3 Nf6 4. e3 a6 5. Qc2 e6 6. Nf3 Nbd7 7. b3 dxc4 8. Bxc4
b5 9. Be2 c5 10. Bb2 Bb7 11. Rd1 cxd4 12. Rxd4 Rc8 13. Qb1 Bc5 14. Rh4 Bxf3 15.
Bxf3 g5 16. Re4 Rg8 17. O-O Nxe4 18. Bxe4 f5 19. Bb7 Rb8 20. Bf3 g4 21. Be2 Rg6
22. Rd1 Qc7 23. a4 Ne5 24. axb5 Nf3+ 25. gxf3 gxf3+ 26. Kf1 Qxh2 27. Bxf3 Bxe3
28. Bc6+ Kf8 29. Ke2 Qxf2+ 30. Kd3 Bc5 31. b4 axb5 32. Nxb5 Rxb5 33. Bxb5 Qe3+
0-1

[Event "First Saturday09 July GM"]
[Site "Budapest"]
[Date "2009.07.07"]
[Round "4"]
[White "Antal, Gergely"]
[Black "Breder, Dennis"]
[Result "1-0"]
[WhiteElo "2479"]
[BlackElo "2435"]
[PlyCount "99"]
[EventDate "2009.07.04"]

1. e4 c6 2. d4 d5 3. e5 Bf5 4. Nf3 e6 5. Be2 Nd7 6. O-O Ne7 7. Na3 h6 8. c4 Bh7
9. b3 a6 10. Nc2 Ng6 11. Bd3 Be7 12. Ne3 O-O 13. Qc2 Re8 14. Bb2 Ngf8 15. Ne1
b5 16. f4 dxc4 17. bxc4 Nb6 18. Rd1 bxc4 19. Nxc4 Nxc4 20. Qxc4 Qd5 21. Qa4 c5
22. dxc5 Qxc5+ 23. Bd4 Qd5 24. Bxh7+ Nxh7 25. Be3 Qb5 26. Qe4 Rac8 27. Nf3 Nf8
28. Rb1 Qc4 29. Qxc4 Rxc4 30. Rb7 Re4 31. Kf2 Ng6 32. Nd2 Ra4 33. g3 Rxa2 34.
Rc1 Rd8 35. Ke2 Kf8 36. Rcc7 Ke8 37. h4 Bf8 38. Kf3 Ne7 39. Nc4 Nf5 40. Bf2 h5
41. Bb6 Rc2 42. Nd6+ Nxd6 43. exd6 Rxc7 44. Bxc7 Rc8 45. Ra7 g6 46. Ke4 Kd7 47.
Rxa6 Be7 48. Kd4 f6 49. dxe7 Rxc7 50. Rxe6 1-0

[Event "First Saturday09 July GM"]
[Site "Budapest"]
[Date "2009.07.07"]
[Round "4"]
[White "Bertholee, Rob"]
[Black "Varga, Zoltan"]
[Result "0-1"]
[WhiteElo "2368"]
[BlackElo "2473"]
[PlyCount "61"]
[EventDate "2009.07.04"]

1. e4 d5 2. Nc3 d4 3. Nce2 e5 4. c3 c5 5. Ng3 Bd6 6. Bc4 Nf6 7. d3 Nc6 8. Nf3
O-O 9. Nh4 Bg4 10. Qd2 Be6 11. Nhf5 dxc3 12. bxc3 Bxc4 13. dxc4 Be7 14. Nxe7+
Qxe7 15. Nf5 Qe6 16. Qg5 Ne8 17. h4 Qxc4 18. Rh3 Qxe4+ 19. Re3 f6 20. Qh5 Qxg2
21. Rg3 Qh1+ 22. Ke2 Rd8 23. Bb2 Qe4+ 24. Kf1 Rd2 25. Bc1 Qh1+ 26. Rg1 Qh3+ 27.
Rg2 g6 28. Kg1 Ng7 29. Nh6+ Kh8 30. Rxg6 Nxh5 31. Nf7+ 0-1

[Event "First Saturday09 July GM"]
[Site "Budapest"]
[Date "2009.07.07"]
[Round "4"]
[White "Lorscheid, Gerd"]
[Black "Flumbort, Andras"]
[Result "1/2-1/2"]
[WhiteElo "2345"]
[BlackElo "2507"]
[PlyCount "108"]
[EventDate "2009.07.04"]

1. d4 Nf6 2. c4 g6 3. Nc3 d5 4. Bg5 Ne4 5. Bh4 Nxc3 6. bxc3 dxc4 7. e3 Be6 8.
Be2 c6 9. Nf3 Bh6 10. a4 Qa5 11. Qc1 c5 12. O-O Nc6 13. Rb1 O-O 14. Qa3 cxd4
15. cxd4 Qc7 16. Rfc1 Rfc8 17. Bxc4 Nxd4 18. Nxd4 Bxc4 19. Qb4 Bf8 20. Qxb7
Qxb7 21. Rxb7 e5 22. Nf3 Bd5 23. Rbc7 Rxc7 24. Rxc7 Rb8 25. Rc1 Ba3 26. Rd1 Bb3
27. Rb1 Rc8 28. h3 Bxa4 29. Rb7 a5 30. Nxe5 Bd6 31. Bg3 Be8 32. Ra7 a4 33. Kh2
Bc5 34. Ra5 f6 35. Nd3 Bf8 36. Nf4 Bb4 37. Ra7 Bc5 38. Ra5 a3 39. Nd5 Kf7 40.
Bc7 Rxc7 41. Nxc7 Bb6 42. Rxa3 Bxc7+ 43. g3 Ke7 44. h4 Bd6 45. Ra7+ Bd7 46. Kg1
h5 47. Ra5 Ke6 48. Kg2 Bc6+ 49. f3 Be7 50. Kf2 Bd6 51. Ra6 Bd5 52. Ra5 Bc6 53.
Ra6 Bd5 54. Ra5 Bc6 1/2-1/2

[Event "First Saturday09 July GM"]
[Site "Budapest"]
[Date "2009.07.08"]
[Round "5"]
[White "Flumbort, Andras"]
[Black "Farago, Ivan"]
[Result "1/2-1/2"]
[WhiteElo "2507"]
[BlackElo "2511"]
[PlyCount "47"]
[EventDate "2009.07.04"]

1. d4 Nf6 2. c4 e6 3. Nf3 b6 4. g3 Ba6 5. b3 Bb4+ 6. Bd2 Be7 7. Bg2 c6 8. Bc3
d5 9. Ne5 Nfd7 10. Nxd7 Nxd7 11. Nd2 O-O 12. O-O Rb8 13. Bb2 c5 14. cxd5 exd5
15. dxc5 Nxc5 16. Nf3 Bf6 17. Nd4 Qd7 18. Rc1 Rbc8 19. Re1 Rfe8 20. Rc2 h6 21.
Qa1 Ne4 22. Rxc8 Rxc8 23. Rc1 Rc5 24. e3 1/2-1/2

[Event "First Saturday09 July GM"]
[Site "Budapest"]
[Date "2009.07.08"]
[Round "5"]
[White "Ilincic, Zlatko"]
[Black "Lorscheid, Gerd"]
[Result "1-0"]
[WhiteElo "2479"]
[BlackElo "2345"]
[PlyCount "85"]
[EventDate "2009.07.04"]

1. d4 d6 2. Nf3 Nf6 3. c4 g6 4. Nc3 Bg7 5. g3 O-O 6. Bg2 c6 7. O-O Qb6 8. b3 e5
9. dxe5 dxe5 10. e4 Bg4 11. Be3 Qa5 12. Qc1 Bxf3 13. Bxf3 Nbd7 14. Rb1 Rfe8 15.
b4 Qc7 16. Qa3 Nf8 17. Rfc1 Ne6 18. Nd5 Qb8 19. Nxf6+ Bxf6 20. c5 Bg5 21. b5
Bxe3 22. Qxe3 Qc7 23. a4 Qa5 24. Bd1 Rad8 25. Bb3 Nd4 26. Bc4 Rd7 27. bxc6 bxc6
28. Qc3 Qxc3 29. Rxc3 Ree7 30. Kg2 Rb7 31. Rcc1 Kf8 32. a5 Red7 33. a6 Rxb1 34.
Rxb1 Ke7 35. Rb8 Ne6 36. Bxe6 Kxe6 37. Rc8 Rd4 38. Rxc6+ Kd7 39. Rf6 Ke7 40.
Rb6 Rd7 41. Rb7 Kd8 42. Kf3 Rc7 43. Ke3 1-0

[Event "First Saturday09 July GM"]
[Site "Budapest"]
[Date "2009.07.08"]
[Round "5"]
[White "Fogarasi, Tibor"]
[Black "Shen, Siyuan"]
[Result "1/2-1/2"]
[WhiteElo "2419"]
[BlackElo "2321"]
[PlyCount "75"]
[EventDate "2009.07.04"]

1. e4 d5 2. exd5 Nf6 3. d4 Nxd5 4. Nf3 Bg4 5. Be2 e6 6. h3 Bh5 7. Ne5 Bxe2 8.
Qxe2 Nd7 9. O-O Nxe5 10. dxe5 Qd7 11. c4 Nb6 12. Rd1 Qc6 13. b3 Rd8 14. Rxd8+
Kxd8 15. Nc3 Kc8 16. Be3 Bc5 17. Rd1 h6 18. Qd3 Bxe3 19. Qxe3 Kb8 20. Qd4 Nc8
21. b4 Ne7 22. b5 Qe8 23. Ne4 Nf5 24. Qd3 Qe7 25. c5 f6 26. exf6 gxf6 27. c6
Nd6 28. Nxd6 Rd8 29. Qc3 Rxd6 30. Rxd6 cxd6 31. cxb7 Kxb7 32. Qc6+ Kb8 33. b6
Qd8 34. bxa7+ Kxa7 35. Qa4+ Kb6 36. Qb3+ Kc5 37. Qxe6 d5 38. Kf1 1/2-1/2

[Event "First Saturday09 July GM"]
[Site "Budapest"]
[Date "2009.07.08"]
[Round "5"]
[White "Varga, Zoltan"]
[Black "Jugelt, Tobias"]
[Result "1/2-1/2"]
[WhiteElo "2473"]
[BlackElo "2398"]
[PlyCount "41"]
[EventDate "2009.07.04"]

1. e4 Nf6 2. e5 Nd5 3. c4 Nb6 4. d4 d6 5. exd6 exd6 6. Nc3 Nc6 7. Be2 Be7 8.
Nf3 O-O 9. h3 Bf6 10. O-O Bf5 11. b3 d5 12. c5 Nc8 13. Be3 Be4 14. b4 a6 15. b5
axb5 16. Nxb5 N8e7 17. Nc3 Re8 18. Qd2 Bg6 19. Nh2 h5 20. Bf3 Nb4 21. a3
1/2-1/2

[Event "First Saturday09 July GM"]
[Site "Budapest"]
[Date "2009.07.08"]
[Round "5"]
[White "Breder, Dennis"]
[Black "Bertholee, Rob"]
[Result "1-0"]
[WhiteElo "2435"]
[BlackElo "2368"]
[PlyCount "105"]
[EventDate "2009.07.04"]

1. e4 c5 2. Nf3 e6 3. c3 d5 4. exd5 Qxd5 5. Na3 Nc6 6. d4 Bd7 7. Be2 O-O-O 8.
O-O cxd4 9. cxd4 Nf6 10. Nb5 Ne4 11. Qc2 a6 12. Bc4 Nb4 13. Bxd5+ Nxc2 14. Bxe4
Nxa1 15. Nc3 f5 16. Bd3 Bc6 17. Bg5 Rd6 18. Ne2 Bxf3 19. gxf3 Rb6 20. Rxa1 Rxb2
21. Rc1+ Kd7 22. d5 h6 23. Bf4 Bd6 24. dxe6+ Kxe6 25. Be3 Ke7 26. Ng3 f4 27.
Nf5+ Kd7 28. Bd4 Rd2 29. Be4 Ba3 30. Re1 Rc8 31. Nxg7 Rg8 32. Bh7 Rf8 33. Bc3
Rd5 34. Be4 Rg5+ 35. Kf1 Rf7 36. Rd1+ Ke7 37. Rd3 Bc5 38. Rd5 b6 39. Nf5+ Ke6
40. Re5+ Kd7 41. h4 Rh5 42. Rd5+ Kc7 43. Be5+ Kc6 44. Bxf4 Kb5 45. Nd6+ Kc6 46.
Rxh5+ Kc7 47. Nxf7+ Bd6 48. Nxd6 Kb8 49. Rxh6 a5 50. Rh7 a4 51. Rb7+ Ka8 52.
Ne8 b5 53. Nc7# 1-0

[Event "First Saturday09 July GM"]
[Site "Budapest"]
[Date "2009.07.08"]
[Round "5"]
[White "Rombaldoni, Denis"]
[Black "Antal, Gergely"]
[Result "1/2-1/2"]
[WhiteElo "2465"]
[BlackElo "2479"]
[PlyCount "131"]
[EventDate "2009.07.04"]

1. d4 Nf6 2. c4 g6 3. Nc3 d5 4. cxd5 Nxd5 5. Bd2 Bg7 6. e4 Nb6 7. Be3 O-O 8. h3
Nc6 9. Nf3 f5 10. exf5 Bxf5 11. Qb3+ Kh8 12. d5 Ne5 13. Nxe5 Bxe5 14. g4 Bd7
15. Bg2 c5 16. Bxc5 Rc8 17. Bxb6 Qxb6 18. Qxb6 axb6 19. O-O h5 20. Rfe1 Bd6 21.
gxh5 gxh5 22. Re4 Rf5 23. Rd1 Rg8 24. Rh4 Rfg5 25. Kf1 Be8 26. Bf3 Rf5 27. Bg4
Rf4 28. Ne2 Rb4 29. Nd4 Be5 30. Be6 Rg7 31. Nf3 Bb5+ 32. Ke1 Rxh4 33. Nxh4 Bxb2
34. Kd2 Bf6 35. Nf3 Bc4 36. a4 Rg2 37. Ke3 Bg7 38. Nh4 Rg5 39. Nf5 Bf6 40. h4
Rg4 41. Nxe7 Bb3 42. Bxg4 Bxd1 43. Bxd1 Bxe7 44. Ke4 Bxh4 45. f4 Kg7 46. Kf5
Bd8 47. d6 h4 48. Ke6 h3 49. Kd7 Bh4 50. Kc8 Kf6 51. Bg4 h2 52. d7 h1=Q 53.
d8=Q+ Kg7 54. Qd4+ Bf6 55. Qxb6 Be7 56. Qb2+ Kf8 57. Qxb7 Qh4 58. Qd7 Qf6 59.
Bf3 Qxf4 60. Bc6 Bb4 61. Bd5 Qf6 62. Bc4 Qe7 63. Qf5+ Kg7 64. Qg4+ Kf6 65. Qd4+
Kg5 66. Qd5+ 1/2-1/2

[Event "First Saturday09 July GM"]
[Site "Budapest"]
[Date "2009.07.09"]
[Round "6"]
[White "Farago, Ivan"]
[Black "Antal, Gergely"]
[Result "1/2-1/2"]
[WhiteElo "2511"]
[BlackElo "2479"]
[PlyCount "40"]
[EventDate "2009.07.04"]

1. d4 Nf6 2. c4 g6 3. Nc3 d5 4. Nf3 Bg7 5. Qb3 dxc4 6. Qxc4 O-O 7. e4 c6 8. Be2
b5 9. Qd3 b4 10. Na4 Ba6 11. Qc2 Bxe2 12. Qxe2 Nbd7 13. O-O Qa5 14. b3 Qb5 15.
Re1 Qxe2 16. Rxe2 Rac8 17. Bb2 c5 18. dxc5 Nxc5 19. Nxc5 Rxc5 20. Bd4 Rc7
1/2-1/2

[Event "First Saturday09 July GM"]
[Site "Budapest"]
[Date "2009.07.09"]
[Round "6"]
[White "Jugelt, Tobias"]
[Black "Breder, Dennis"]
[Result "1-0"]
[WhiteElo "2398"]
[BlackElo "2435"]
[PlyCount "65"]
[EventDate "2009.07.04"]

1. d4 d5 2. g3 c6 3. Bg2 Nf6 4. Nf3 Bg4 5. Ne5 Bf5 6. O-O Nbd7 7. c4 e6 8. Nd2
Be7 9. Qb3 Nxe5 10. dxe5 Nd7 11. Qxb7 O-O 12. Qxc6 Bc2 13. cxd5 Rc8 14. Qb5 a6
15. Qxa6 Nc5 16. Qa3 Nb3 17. d6 Bxd6 18. exd6 Nxa1 19. b3 Bg6 20. Nc4 Nc2 21.
Qb2 Nb4 22. Bd2 Nd5 23. Ba5 Qd7 24. e4 Qb5 25. exd5 Rxc4 26. Bc3 Rg4 27. h3 Rg5
28. Bxg7 Bd3 29. Bxf8 Bxf1 30. Bxf1 Qb6 31. Be7 Rxd5 32. Qc3 h5 33. d7 1-0

[Event "First Saturday09 July GM"]
[Site "Budapest"]
[Date "2009.07.09"]
[Round "6"]
[White "Shen, Siyuan"]
[Black "Varga, Zoltan"]
[Result "1/2-1/2"]
[WhiteElo "2321"]
[BlackElo "2473"]
[PlyCount "84"]
[EventDate "2009.07.04"]

1. d4 c5 2. Nf3 cxd4 3. Nxd4 d5 4. g3 e5 5. Nb3 h6 6. Bg2 Nf6 7. O-O Nc6 8. Be3
Be7 9. Bc5 Bxc5 10. Nxc5 Qb6 11. Na4 Qa5 12. c3 Bd7 13. b4 Nxb4 14. cxb4 Qxa4
15. Qxa4 Bxa4 16. Nc3 Bc6 17. b5 Bd7 18. Nxd5 Nxd5 19. Bxd5 Bxb5 20. Rab1 a6
21. a4 Bxa4 22. Rxb7 O-O 23. Ra1 Rad8 24. Rxa4 Rxd5 25. Rxa6 g6 26. Re7 Kg7 27.
Rae6 h5 28. Kg2 Rc8 29. Rxe5 Rxe5 30. Rxe5 Rc3 31. f4 Rb3 32. Ra5 f5 33. Re5
Kf6 34. h3 g5 35. g4 fxg4 36. hxg4 gxf4 37. Rxh5 Rg3+ 38. Kf2 Rxg4 39. Kf3 Rg5
40. Rh4 Ke5 41. Rxf4 Rf5 42. Rxf5+ Kxf5 1/2-1/2

[Event "First Saturday09 July GM"]
[Site "Budapest"]
[Date "2009.07.09"]
[Round "6"]
[White "Lorscheid, Gerd"]
[Black "Fogarasi, Tibor"]
[Result "1/2-1/2"]
[WhiteElo "2345"]
[BlackElo "2419"]
[PlyCount "65"]
[EventDate "2009.07.04"]

1. d4 Nf6 2. c4 c5 3. d5 b5 4. cxb5 a6 5. bxa6 g6 6. Nc3 Bxa6 7. Nf3 d6 8. g3
Bg7 9. Bg2 Nbd7 10. Rb1 O-O 11. O-O Ra7 12. Qc2 Nb6 13. Rd1 Bc4 14. b4 Nbxd5
15. bxc5 Nxc3 16. Qxc3 Bxe2 17. Re1 Bxf3 18. Qxf3 dxc5 19. Be3 Nd7 20. Red1 Qc7
21. Qe4 e6 22. Rb7 Rxb7 23. Qxb7 Qxb7 24. Bxb7 Bd4 25. Bxd4 cxd4 26. Rxd4 Nc5
27. Bf3 Rb8 28. a4 Rb2 29. Bc6 Ra2 30. h4 Kg7 31. Kf1 Kf6 32. Ke1 Ke7 33. Bb5
1/2-1/2

[Event "First Saturday09 July GM"]
[Site "Budapest"]
[Date "2009.07.10"]
[Round "7"]
[White "Ilincic, Zlatko"]
[Black "Farago, Ivan"]
[Result "1/2-1/2"]
[WhiteElo "2479"]
[BlackElo "2511"]
[PlyCount "42"]
[EventDate "2009.07.04"]

1. e4 c5 2. Nf3 e6 3. c3 d5 4. exd5 Qxd5 5. d4 Nf6 6. Na3 a6 7. Nc4 Nbd7 8. Ne3
Qd6 9. dxc5 Qxd1+ 10. Nxd1 Bxc5 11. Be3 Bxe3 12. Nxe3 b6 13. Be2 Bb7 14. O-O
Ke7 15. Rad1 Rhd8 16. Nd4 Rac8 17. Bf3 Bxf3 18. Nxf3 Nb8 19. Rxd8 Rxd8 20. Rd1
Rxd1+ 21. Nxd1 Nc6 1/2-1/2

[Event "First Saturday09 July GM"]
[Site "Budapest"]
[Date "2009.07.10"]
[Round "7"]
[White "Fogarasi, Tibor"]
[Black "Flumbort, Andras"]
[Result "1/2-1/2"]
[WhiteElo "2419"]
[BlackElo "2507"]
[PlyCount "21"]
[EventDate "2009.07.04"]

1. e4 c5 2. c4 Nc6 3. Ne2 e5 4. Nbc3 g6 5. g3 Bg7 6. Bg2 Nge7 7. d3 d6 8. a3
O-O 9. O-O a6 10. Rb1 Rb8 11. b4 1/2-1/2

[Event "First Saturday09 July GM"]
[Site "Budapest"]
[Date "2009.07.10"]
[Round "7"]
[White "Breder, Dennis"]
[Black "Shen, Siyuan"]
[Result "1/2-1/2"]
[WhiteElo "2435"]
[BlackElo "2321"]
[PlyCount "38"]
[EventDate "2009.07.04"]

1. e4 d5 2. exd5 Nf6 3. d4 Nxd5 4. Nf3 Bg4 5. h3 Bh5 6. Be2 Nc6 7. O-O e6 8. c3
Be7 9. Ne5 Bxe2 10. Qxe2 Nxe5 11. dxe5 Qd7 12. c4 Nb6 13. Rd1 Qc6 14. b3 Nd7
15. Nc3 O-O-O 16. Bb2 h5 17. Rd3 g5 18. Rf3 Rh7 19. Rd1 a6 1/2-1/2

[Event "First Saturday09 July GM"]
[Site "Budapest"]
[Date "2009.07.10"]
[Round "7"]
[White "Rombaldoni, Denis"]
[Black "Jugelt, Tobias"]
[Result "0-1"]
[WhiteElo "2465"]
[BlackElo "2398"]
[PlyCount "85"]
[EventDate "2009.07.04"]

1. d4 d5 2. c4 c6 3. Nf3 Nf6 4. Nc3 g6 5. cxd5 Nxd5 6. h4 h5 7. e4 Nb6 8. Be3
Bg7 9. Be2 Bg4 10. Qd3 N8d7 11. Rd1 e5 12. a4 Bxf3 13. gxf3 exd4 14. Bxd4 Ne5
15. Qe3 Qe7 16. b3 Rd8 17. Kf1 Qf6 18. a5 Bh6 19. Qd3 Nbd7 20. Qc2 O-O 21. Kg2
a6 22. Be3 Bf4 23. Qc1 Bxe3 24. Qxe3 Qe6 25. f4 Ng4 26. Qc1 Nc5 27. Bc4 Qe7 28.
f3 Nf6 29. Kh3 Kg7 30. f5 Ncd7 31. Qg5 Ne5 32. Be2 Rxd1 33. Rxd1 Rd8 34. Rxd8
Qxd8 35. f4 Qd2 36. Qg3 Neg4 37. fxg6 fxg6 38. Qf3 Qe1 39. e5 Nf2+ 40. Kg3 N6g4
41. e6 Qg1+ 42. Qg2 Nh1+ 43. Kf3 0-1